Racionalidad económica y medio ambiente (Registro nro. 300865)

Detalles MARC
000 -ENCABEZADO
Número de control [NR] 00832 a2200229 4500
005 - FECHA Y HORA DE LA ÚLTIMA TRANSACCIÓN
control field 20150907153946.0
008 - DE LONGITUD FIJA DE DATOS DE ELEMENTOS - INFORMACIÓN GENERAL
Elementos de longitud fija [NR] 150907s2015 ck ||||fr|||| 00| 0 spa d
020 ## - NUMERO INTERNACIONAL NORMALIZADO PARA LIBROS [R]
Número Internacional Normalizado del libro [NR] 9789587494822
040 ## - FUENTE DE CATALOGACION [NR]
Agencia de catalogación original [NR] CO-BoUCM
Quien Cataloga David Avila
Quien Clasifica David Avila
041 0# - CODIGO DE IDIOMA [R]
Código de idioma para texto/pista de sonido o título separado [R] Español
100 ## - ASIENTO PRINCIPAL--NOMBRE PERSONAL [NR]
Nombre personal [NR] Serna Mendoza, Ciro Alfonso
ID Autoridad 71378
245 ## - MENCION DE TITULO [NR]
Título [NR] Racionalidad económica y medio ambiente
Mención de responsabilidad, etc. [NR] Ciro Alfonso Serna Mendoza
260 ## - PUBLICACION, DISTRIBUCION, ETC. (PIE DE IMPRENTA) [R]
Lugar de publicación, distribución, etc. [R] Bogotá (Colombia)
Nombre del editor, distribuidor, etc. [R] Grupo Editorial Ibáñez
Fecha de publicación, distribución, etc. [R] 2015
300 ## - DESCRIPCION FISICA [R]
Extensión [R] 132 páginas
490 ## - MENCION DE SERIE [R]
Mención de serie [R] Colección Ambiente y desarrollo sostenibles
ISBN [NR] 9789587493535
Designación numérica/secuencial del volumen [NR] 8
504 ## - NOTA DE BIBLIOGRAFIA, ETC. [R]
Nota de bibliografía, etc. [NR] Incluye referencias bibliográficas
650 ## - ASIENTO SECUNDARIO DE MATERIA - TERMINO TEMATICO [R]
Término temático o nombre geográfico como elemento de entrada [NR] Economía ambiental
9 (RLIN) 13658
650 ## - ASIENTO SECUNDARIO DE MATERIA - TERMINO TEMATICO [R]
Término temático o nombre geográfico como elemento de entrada [NR] Recursos naturales
Subdivisión general [R] Aspectos económicos
9 (RLIN) 71379
690 ## - ASUNTO AGREGADO LOCAL DE ENTRADA - TÉRMINO TEMÁTICO (OCLC, RLIN)
9 (RLIN) 42878
Acceso temático local Medio ambiente
942 ## - ELEMENTOS DE ENTRADA AGREGADOS (KOHA)
Sistema de clasificación LOCAL
Tema principal Economía
Tipo de ítem principal el descrito en 300a Libro
Edición 1
Clasificación 333.7
Parte restante de la signatura top. S486r
Existencias
Fecha de último préstamo Total préstamos Total Renewals Signatura topográfica Código de barras Última vez visto Ejemplar Costo de reposición Price effective from Tipo de ítem Perdido Sistema de clasificación Dañado No prestable Tipo de ítem específico Suprimido Ubicación habitual Ubicación actual Localización Fecha de creación Proveedor Forma de adquisición Costo
27/02/2023 2 1 333.7 S486r 100147267 03/12/2025 Ej.1 26000.00 20/08/2015 Libro   DEWEY     Libro   Claustro Claustro 4to piso 20/08/2015 12 Donación 0.00